00251nam a2200085Ia 4500008004100000041000800041100001900049245006000068260003700128241105s9999 xx 000 0 und d aeng aRaisoni Sailee aEnergy Efficient Artificial Lighting For Apparel Stores bM.Arch Environmental, Punec2013